Statistics for Where Are These Doors?

Click here to take the quiz!

General Stats

  • This quiz has been taken 21,458 times
  • The average score is 8 of 12

Answer Stats

Answer% Correct
Friends
78%
10 {Downing} Street
77%
Jurassic Park
77%
Doctor Who
76%
Harry Potter
72%
Marvel Cinematic Universe
72%
Monsters, Inc.
70%
Narnia
68%
Middle-earth
67%
Vatican City
55%
The Capitol Building
43%
Chrysler Building
30%

Score Distribution

Percentile by Number Answered

Percent of People with Each Score

Your Score History

You have not taken this quiz